<?xml version="1.0" encoding="UTF-8"?>
<record
    xmlns:xsi="http://www.w3.org/2001/XMLSchema-instance"
    xsi:schemaLocation="http://www.loc.gov/MARC21/slim http://www.loc.gov/standards/marcxml/schema/MARC21slim.xsd"
    xmlns="http://www.loc.gov/MARC21/slim">

  <leader>01972cam a2200325 i 4500</leader>
  <datafield tag="999" ind1=" " ind2=" ">
    <subfield code="c">554</subfield>
    <subfield code="d">554</subfield>
  </datafield>
  <controlfield tag="001">20578218</controlfield>
  <controlfield tag="003">OSt</controlfield>
  <controlfield tag="005">20251027105651.0</controlfield>
  <controlfield tag="008">180711s2019    enka     b    001 0 eng  </controlfield>
  <datafield tag="010" ind1=" " ind2=" ">
    <subfield code="a">  2018032886</subfield>
  </datafield>
  <datafield tag="020" ind1=" " ind2=" ">
    <subfield code="a">9781138328570 (pb : alk. paper)</subfield>
  </datafield>
  <datafield tag="040" ind1=" " ind2=" ">
    <subfield code="a">DLC</subfield>
    <subfield code="b">eng</subfield>
    <subfield code="c">DLC</subfield>
    <subfield code="e">rda</subfield>
    <subfield code="d">DLC</subfield>
  </datafield>
  <datafield tag="042" ind1=" " ind2=" ">
    <subfield code="a">pcc</subfield>
  </datafield>
  <datafield tag="050" ind1="0" ind2="0">
    <subfield code="a">NK1170</subfield>
    <subfield code="b">.L39 2018</subfield>
  </datafield>
  <datafield tag="082" ind1="0" ind2="0">
    <subfield code="a">Grad 745.40711</subfield>
    <subfield code="b">L425 2019</subfield>
    <subfield code="2">23</subfield>
  </datafield>
  <datafield tag="100" ind1="1" ind2=" ">
    <subfield code="a">Lawson, Bryan,</subfield>
    <subfield code="e">author.</subfield>
  </datafield>
  <datafield tag="245" ind1="1" ind2="4">
    <subfield code="a">The design student's journey :</subfield>
    <subfield code="b">understanding how designers think /</subfield>
    <subfield code="c">Bryan Lawson.</subfield>
  </datafield>
  <datafield tag="264" ind1=" " ind2="1">
    <subfield code="a">London ;</subfield>
    <subfield code="a">New York :</subfield>
    <subfield code="b">Routledge,</subfield>
    <subfield code="c">2019.</subfield>
  </datafield>
  <datafield tag="300" ind1=" " ind2=" ">
    <subfield code="a">xiii, 315 pages :</subfield>
    <subfield code="b">color illustrations ;</subfield>
    <subfield code="c">25 cm</subfield>
  </datafield>
  <datafield tag="336" ind1=" " ind2=" ">
    <subfield code="a">text</subfield>
    <subfield code="b">txt</subfield>
    <subfield code="2">rdacontent</subfield>
  </datafield>
  <datafield tag="337" ind1=" " ind2=" ">
    <subfield code="a">unmediated</subfield>
    <subfield code="b">n</subfield>
    <subfield code="2">rdamedia</subfield>
  </datafield>
  <datafield tag="338" ind1=" " ind2=" ">
    <subfield code="a">volume</subfield>
    <subfield code="b">nc</subfield>
    <subfield code="2">rdacarrier</subfield>
  </datafield>
  <datafield tag="504" ind1=" " ind2=" ">
    <subfield code="a">Includes bibliographical references and index.</subfield>
  </datafield>
  <datafield tag="505" ind1="0" ind2=" ">
    <subfield code="a">Design as a set of skills you can learn -- Getting going (actually you've already started) -- From vernacular design to design by drawing -- Drawing in design -- Design schools -- Starting to design -- What's the problem? -- The components of design thinking -- Managing the design process -- What designers know -- The design tutorial -- The crit or design jury or review -- Design conversations -- Design concepts and schemata -- Guiding principles -- Recognising situations, gambits and affordances -- Having more than one idea -- Parallel lines of thought -- Some expert tricks of the trade -- More on conversations with media -- Getting into a design project -- The structure of design problems (1) -- The structure of design problems (2) -- Navigating your design problem -- How are you getting on? -- Moving on.</subfield>
  </datafield>
  <datafield tag="650" ind1=" " ind2="0">
    <subfield code="a">Design</subfield>
    <subfield code="x">Study and teaching (Higher)</subfield>
  </datafield>
  <datafield tag="650" ind1=" " ind2="0">
    <subfield code="a">College environment.</subfield>
  </datafield>
  <datafield tag="906" ind1=" " ind2=" ">
    <subfield code="a">7</subfield>
    <subfield code="b">cbc</subfield>
    <subfield code="c">orignew</subfield>
    <subfield code="d">1</subfield>
    <subfield code="e">ecip</subfield>
    <subfield code="f">20</subfield>
    <subfield code="g">y-gencatlg</subfield>
  </datafield>
  <datafield tag="942" ind1=" " ind2=" ">
    <subfield code="2">ddc</subfield>
    <subfield code="c">CIR</subfield>
  </datafield>
  <datafield tag="952" ind1=" " ind2=" ">
    <subfield code="0">0</subfield>
    <subfield code="1">0</subfield>
    <subfield code="2">ddc</subfield>
    <subfield code="4">0</subfield>
    <subfield code="7">0</subfield>
    <subfield code="8">NFIC</subfield>
    <subfield code="a">GL</subfield>
    <subfield code="b">GL</subfield>
    <subfield code="c">CIR</subfield>
    <subfield code="d">2023-07-21</subfield>
    <subfield code="e">Purchased (F &amp; J)</subfield>
    <subfield code="g">3529.00</subfield>
    <subfield code="h">10431</subfield>
    <subfield code="l">0</subfield>
    <subfield code="o">Grad 745.40711 L425 2019</subfield>
    <subfield code="p">10431</subfield>
    <subfield code="r">2023-07-21</subfield>
    <subfield code="t">c.1</subfield>
    <subfield code="w">2023-07-21</subfield>
    <subfield code="y">CIR</subfield>
  </datafield>
</record>
